000 00281nam a2200109Ia 4500
008 200302s9999 xx 000 0 und d
100 _aMike Hudson & Other
245 _aBicycle Planning Policy and Practice
260 _bThe Architectural Press
260 _c1982
300 _a135 P.,
999 _c5682
_d5682